| 000 | 00353cam a2200145ua 4500 | ||
|---|---|---|---|
| 041 |
_aeng _h |
||
| 082 |
_a823.308 _bGAN/ME |
||
| 100 | _aGanthory, Richard . | ||
| 245 |
_aMesssage from mars / _cRichard Ganthory. _hTextual Documents |
||
| 260 |
_aLondon : _bLongman , _c1963. |
||
| 300 | _a51 ; . | ||
| 504 | _a | ||
| 942 | _cBK | ||
| 999 |
_c12829 _d12829 |
||